000 00869nam a2200277Ia 4500
001 21795
005 20260320113313.0
008 260320s9999||||xx |||||||||||||| ||und||
020 _a9786125205148
041 _aESP
082 _a869.506
_bB141
100 _a
_e
110 _aBiblioteca Nacional del Perú
245 0 _aLetras que abrazan :
_bcartas emotivas de peruanos y peruanas que marcaron nuestra historia
246 _a
_5
_b
250 _aPrimera edición
260 _aLima :
_bBiblioteca Nacional del Perú,
_c2025
300 _a115 páginas :
_bilustraciones ;
_c21 cm.
_e
440 _a(Colección Perú)
_n
_v
650 _aLYR
653 _aLiteratura peruana
654 _aCHU
700 _a
_c
856 _uhttps://research-ebsco-com.ucsp.lookproxy.com/c/qxo6us/search
_zVéase además: Base de datos EBSCOhost
942 _cLIB
_dJUS
_fMAT
_2ddc
_n
999 _c21795
_d21795